000 00720nam a2200217Ii 4500
003 JO-AjNU
008 230605s9999||||xx |||||||||||||| ||und||
017 _a2001/2507
040 _aJO-AjNU
_bara
_erda
_cJO-AjNU
041 _aara
050 1 4 _aBP87.5.2001
100 3 _aسعد،طه عبد الرؤوف ، علي،سعد حسن محمد,
_eauthor
_920011
245 0 0 _a110قصة وقصة من قصص الظالمين وعاقبة المجرمين
250 _aط1
264 3 1 _aالقاهرة:مكتبة الصفا ،2001
300 _a152ص
336 _atext
_btxt
_2rdacontent
337 _aunmediated
_bn
_2rdamedia
338 _avolume
_bnc
_2rdacarrier
650 4 _aالاسلام-قصص دينية
_920012
999 _aA6707
_c10275
_d10275